000 01344nam0a22003131 4500
001 rc\3615572
005 20250610082814.0
021 _aRU
_b[75-971]
035 _a(NLR Aleph) 007818677
090 _a7736482
_c7736482
100 _a20130115d1974 |||y0rusy50 ca
101 0 _arus
102 _aRU
105 _aa z |||||
200 1 _aИнженерно-геологические свойства лессовых пород орошаемых территорий Узбекистана
_fАН УзССР. Ин-т сейсмологии
210 _aТашкент
_cФан
_d1974
215 _a170 с.
_cил.
_d22
300 _aНа пер. загл.: ... пород Узбекистана
320 _aСписок лит.: с. 162-169
517 0 _aИнженерно-геологические свойства пород Узбекистана
606 _aЛессовые породы
_xИнженерно-геологические исследования
_yУзССР
_2psbo
700 1 _4070
_7ca
_8rus
_aМавлянов
_bГ. А.
_f1910-1988
_gГани Арифханович
_9267303
_3RU\NLR\AUTH\770267359
701 1 _aХасанова
_bХ.А.
_gХурия Арифхановна
801 0 _aRU
_bNLR
_gpsbo
801 1 _aRU
_bELAR
_2rusmarc
852 _aNLR
_j74-5/4639
942 _cBOOK
980 _aNB